000 00620nam a2200169Ia 4500
008 090711s9999 xx 000 0 und d
082 _b65703
100 _aटिपणीस गो. गो.
245 _aकौटिलीय अर्थशास्त्र प्रदिप
260 _c1990
300 _a207
600 _aटिपणीस गो. गो.
630 _aकौटिलीय अर्थशास्त्र प्रदिप
700 _aटिपणीस गो. गो.
730 _aकौटिलीय अर्थशास्त्र प्रदिप
942 _cBOOK
999 _c294306
_d294306